Movie Monster Trivia - Statistics

General Stats
  • This quiz has been taken 34 times
  • The average score is 5 of 16
Answer Stats
Question Answer % Correct
What is the movie monster that wasn't mentioned by name until the sequel? Xenomorph
70%
What nickname did Spielberg give the iconic Animatronic shark in the movie Jaws? Bruce
60%
Which of these iconic Slasher Monsters Has the most kills to their name? Pinhead
45%
What is the powerful device that ultimately closed the Gates of Hell (I.E. the Lament Configuration) in Hellraiser: Bloodline called? Elysium Configuration
35%
Does the monstrous spider that guards in the tunnels leading into Mordor have a name? If so what is it? Shelob
35%
How old is the female Dragon Vermithrax in the 1981 movie Dragonslayer? 400 years old
30%
In the movie Blade (1998) how did Blade himself become Half-vampire? His mother was bitten by a vampire while she was heavily pregnant.
30%
Which one of these Artificial Monsters is a true Cyborg? (hybrid of Living Being and Machine) Mechagodzilla
30%
In the horror classic The Fly (1958), which extremity of Mr. Delambre was swapped along with the head of a common housefly? His Left Arm
25%
How many times must you say the Candyman's Name in front of a mirror in order to summon him? 5 times
20%
Which supersized monster (or Kaiju) was the first to Ever battle Godzilla? Anguirus
20%
What sort of tiny mutated creature was like "spider steroids", in the comedy horror movie Eight Legged Freaks? crickets
20%
Which of these giant monsters from Godzilla's rogue's gallery, was Godzilla not able to defeat on his own? Spacegodzilla
20%
Which of these Monstrous Plants is NOT Extraterrestrial in origin? Biollante
10%
In the Syfy original movie King Cobra, what is the other venomous snake species that is spliced with a king cobra to make the Titular character Seth? Eastern Diamondback Rattlesnake
10%
In the Syfy original horror movie Warbirds, what ultimately destroys the titular Pterosaurs in the end? A Nuclear Bomb
5%
No matching quizzes found
Score Distribution
Percent of People with Each Score
Percentile by Number Answered
Your Score History
You have not taken this quiz